[Event "IND-ch U15 Girls"]
[Site "Kolkata"]
[Date "2018.07.20"]
[Round "6"]
[White "Lakshmi, Chidambaram"]
[Black "Sudipa, Haldar"]
[Result "1-0"]
[WhiteElo "1805"]
[BlackElo "1589"]
[PlyCount "83"]
[EventDate "2018.07.17"]
[EventType "swiss"]
[EventRounds "11"]
[EventCountry "IND"]
[SourceTitle "CBM 186 Extra"]
[Source "ChessBase"]
[SourceDate "2018.08.24"]
[SourceVersion "1"]
[SourceVersionDate "2018.08.24"]
[SourceQuality "1"]

1. d4 Nf6 2. c4 e6 3. Nf3 b6 4. Nc3 Bb7 5. Bg5 Be7 6. e3 0-0 7. Bd3 d5 8. 0-0 Nbd7 9. Qe2 Ne4 10. Bf4 c5 11. Rfd1 cxd4 12. exd4 Nxc3 13. bxc3 Nf6 14. Ne5 dxc4 15. Bxc4 Nd5 16. Bd2 Rc8 17. Rac1 Qc7 18. Bd3 Nf6 19. Bf4 Bd6 20. c4 Rfd8 21. Bg5 Be7 22. Qe3 Ne8 23. Bf4 Bd6 24. Qh3 g6 25. Bg5 Be7 26. Nxf7 Rxd4 27. Qxe6 Bxg5 28. Nxg5+ Kh8 29. Be2 Rxd1+ 30. Rxd1 Qc6 31. Qh3 Nf6 32. Bf3 Qc7 33. Bxb7 Qxb7 34. Nxh7 Nh5 35. Nf6 Rxc4 36. Nxh5 gxh5 37. Rd8+ Kg7 38. Rd7+ Kf6 39. Rd6+ Kg7 40. Qg3+ Kf8 41. Rf6+ Ke7 42. Qg7+ 1-0

[Event "IND-ch U15 Girls"]
[Site "Kolkata"]
[Date "2018.07.18"]
[Round "3"]
[White "Jyothsna, L."]
[Black "Sudipa, Haldar"]
[Result "1-0"]
[WhiteElo "1923"]
[BlackElo "1589"]
[PlyCount "115"]
[EventDate "2018.07.17"]
[EventType "swiss"]
[EventRounds "11"]
[EventCountry "IND"]
[SourceTitle "CBM 186 Extra"]
[Source "ChessBase"]
[SourceDate "2018.08.24"]
[SourceVersion "1"]
[SourceVersionDate "2018.08.24"]
[SourceQuality "1"]

1. d4 Nf6 2. c4 e6 3. Nc3 b6 4. Bg5 Be7 5. e3 Bb7 6. Nf3 0-0 7. h3 d5 8. Bxf6 Bxf6 9. cxd5 exd5 10. Be2 g6 11. 0-0 Bg7 12. Rc1 Qe7 13. Qc2 Nd7 14. Rfd1 Rfd8 15. Bd3 c5 16. Bf1 Nf6 17. dxc5 Qxc5 18. Qa4 Qe7 19. Nb5 Rd7 20. Nbd4 Ne4 21. Rc2 Nc5 22. Qa3 a5 23. Rdc1 Ba6 24. Bxa6 Rxa6 25. Qc3 Ra8 26. Qd2 Qe4 27. Qe2 Rad8 28. Qb5 Rd6 29. a3 Qe8 30. Qe2 Qe4 31. Rd1 Ne6 32. Nb5 R6d7 33. Kf1 d4 34. exd4 Qxe2+ 35. Rxe2 Rd5 36. a4 Nf4 37. Rc2 Ne6 38. Rc4 Nc5 39. Nc3 R5d7 40. dxc5 Rxd1+ 41. Nxd1 Rxd1+ 42. Ke2 Rd8 43. cxb6 Rb8 44. Rc6 Bxb2 45. Kd3 Kf8 46. Kc4 Ba3 47. Kb5 Bb4 48. Ka6 Rd8 49. b7 Ke7 50. Ka7 Bd6 51. Rc8 Rd7 52. Ka8 Kf6 53. b8Q Bxb8 54. Rxb8 Rd5 55. Rb6+ Ke7 56. Ka7 Kd7 57. Ka6 Kc7 58. Rb5 1-0

[Event "IND-chT (Women) 15th"]
[Site "Bhopal"]
[Date "2017.02.07"]
[Round "6.4"]
[White "Sudipa, Haldar"]
[Black "Ramaswamy, Aarthie"]
[Result "1/2-1/2"]
[WhiteElo "1607"]
[BlackElo "2085"]
[PlyCount "64"]
[EventDate "2017.02.02"]
[EventType "team-swiss"]
[EventRounds "7"]
[EventCountry "IND"]
[SourceTitle "CBM 176 Extra"]
[Source "ChessBase"]
[SourceDate "2017.03.02"]
[SourceVersion "1"]
[SourceVersionDate "2017.03.02"]
[SourceQuality "1"]
[WhiteTeam "Bengal Chess (W)"]
[BlackTeam "Air India (W)"]
[WhiteTeamCountry "IND"]
[BlackTeamCountry "IND"]

1. d4 Nf6 2. Bg5 c5 3. Bxf6 gxf6 4. dxc5 Qa5+ 5. c3 Qxc5 6. Nf3 f5 7. Nbd2 d6 8. e3 Rg8 9. Qc2 Nc6 10. Nb3 Qb6 11. g3 Bd7 12. Bg2 e6 13. Nfd4 Be7 14. Qd3 Ne5 15. Qe2 Ng4 16. 0-0-0 0-0-0 17. h3 Nf6 18. Kb1 Kb8 19. Nd2 e5 20. N4b3 Be6 21. Rhe1 Rc8 22. Rc1 a5 23. c4 a4 24. Na1 d5 25. cxd5 Bxd5 26. Bxd5 Nxd5 27. Nc4 Qe6 28. e4 Nb4 29. a3 Nc6 30. exf5 Qxf5+ 31. Qc2 Qxc2+ 32. Rxc2 Nd4 1/2-1/2

[Event "IND-chT (Women) 15th"]
[Site "Bhopal"]
[Date "2017.02.06"]
[Round "5.4"]
[White "Sudipa, Haldar"]
[Black "Saranya, Y."]
[Result "0-1"]
[WhiteElo "1607"]
[BlackElo "1883"]
[PlyCount "84"]
[EventDate "2017.02.02"]
[EventType "team-swiss"]
[EventRounds "7"]
[EventCountry "IND"]
[SourceTitle "CBM 176 Extra"]
[Source "ChessBase"]
[SourceDate "2017.03.02"]
[SourceVersion "1"]
[SourceVersionDate "2017.03.02"]
[SourceQuality "1"]
[WhiteTeam "Bengal Chess (W)"]
[BlackTeam "Tamil Nadu (W)"]
[WhiteTeamCountry "IND"]
[BlackTeamCountry "IND"]

1. d4 d5 2. Bg5 c6 3. c3 Qb6 4. Qc2 g6 5. e4 dxe4 6. Nd2 Bf5 7. Nc4 Qc7 8. Qb3 Be6 9. Bf4 Qc8 10. Qa3 Nd7 11. 0-0-0 Nh6 12. Ne5 Bg7 13. h3 Nf5 14. g4 Nd6 15. f3 0-0 16. Kb1 Nxe5 17. dxe5 Nc4 18. Bxc4 Bxc4 19. fxe4 Rd8 20. Rd4 b5 21. Qxe7 Rxd4 22. cxd4 Bd3+ 23. Kc1 Bxe4 24. Rh2 Bd5 25. a3 Bf8 26. Qh4 c5 27. Rc2 Be4 28. Rc3 b4 29. axb4 Qa6 30. Qe1 Qa1+ 31. Kd2 Qxb2+ 32. Ke3 cxd4+ 33. Kxd4 Qxb4+ 34. Ke3 Bc5+ 35. Ke2 Qb5+ 36. Kd1 Rd8+ 37. Bd2 Qb1+ 38. Ke2 Qxe1+ 39. Bxe1 Bxg1 40. Bh4 Ra8 41. Rc7 Bd5 42. Kd3 a5 0-1

[Event "IND-chT (Women) 15th"]
[Site "Bhopal"]
[Date "2017.02.05"]
[Round "4.4"]
[White "Kiran, Manisha Mohanty"]
[Black "Sudipa, Haldar"]
[Result "1-0"]
[WhiteElo "2136"]
[BlackElo "1607"]
[PlyCount "89"]
[EventDate "2017.02.02"]
[EventType "team-swiss"]
[EventRounds "7"]
[EventCountry "IND"]
[SourceTitle "CBM 176 Extra"]
[Source "ChessBase"]
[SourceDate "2017.03.02"]
[SourceVersion "1"]
[SourceVersionDate "2017.03.02"]
[SourceQuality "1"]
[WhiteTeam "LIC of India (W)"]
[BlackTeam "Bengal Chess (W)"]
[WhiteTeamCountry "IND"]
[BlackTeamCountry "IND"]

1. e4 e6 2. d4 d5 3. Nc3 Bb4 4. a3 Bxc3+ 5. bxc3 dxe4 6. Qg4 Nf6 7. Qxg7 Rg8 8. Qh6 c5 9. Ne2 Nbd7 10. Bg5 Rg6 11. Qh4 Qa5 12. Bd2 Qc7 13. dxc5 e5 14. Ng3 e3 15. Bxe3 Rg4 16. Qh3 Qa5 17. Bd2 Nxc5 18. Be2 Rg6 19. Qh4 Be6 20. Qb4 Qc7 21. Be3 Rc8 22. c4 Kf8 23. Bd3 e4 24. Be2 Kg8 25. Rd1 Na6 26. Qc3 Nd5 27. Qd4 Nxe3 28. fxe3 Bxc4 29. Bxc4 Qxc4 30. Qxc4 Rxc4 31. Nf5 h6 32. Ne7+ Kg7 33. Nxg6 Kxg6 34. Rd6+ Kg5 35. Kd2 Nc5 36. Rf1 f5 37. Rd5 Kg6 38. Rdxf5 Nd7 39. Rd5 Rc7 40. Rd6+ Kg7 41. Rd4 Nc5 42. Rf4 Re7 43. Rd6 b6 44. Rg4+ Kh7 45. Rh4 1-0

[Event "IND-ch U13 Girls"]
[Site "Gujarath"]
[Date "2016.07.30"]
[Round "11"]
[White "Sai Divya, M."]
[Black "Sudipa, Haldar"]
[Result "1-0"]
[WhiteElo "1451"]
[BlackElo "1701"]
[PlyCount "73"]
[EventDate "2016.07.22"]
[EventType "swiss"]
[EventRounds "11"]
[EventCountry "IND"]
[SourceTitle "EXT 2017"]
[Source "ChessBase"]
[SourceDate "2016.10.25"]
[SourceVersion "1"]
[SourceVersionDate "2016.10.25"]
[SourceQuality "1"]

1. d4 Nf6 2. c4 e6 3. Nc3 Bb4 4. e3 0-0 5. Nf3 d5 6. Bd3 b6 7. 0-0 dxc4 8. Bxc4 Bb7 9. a3 Be7 10. Qe2 Nbd7 11. e4 c5 12. Rd1 cxd4 13. Nxd4 Qc7 14. f3 Bc5 15. Be3 a6 16. Rac1 Bd6 17. g3 e5 18. Ndb5 axb5 19. Nxb5 Qb8 20. Nxd6 Nc5 21. Bg5 Ncd7 22. Bb5 Ra7 23. Bxd7 Nxd7 24. Be7 Ba6 25. Qc2 Nc5 26. Bxf8 Kxf8 27. Nf5 g6 28. Ne3 Bb5 29. Rd2 Kg7 30. Rg2 Bd7 31. Nd5 f5 32. Nb4 Ba4 33. Qe2 Nb3 34. Re1 b5 35. Qe3 Nd4 36. Rd2 Nxf3+ 37. Qxf3 1-0

[Event "IND-ch U13 Girls"]
[Site "Gujarath"]
[Date "2016.07.22"]
[Round "1"]
[White "Anjitha, Krishnakumar"]
[Black "Sudipa, Haldar"]
[Result "0-1"]
[WhiteElo "1197"]
[BlackElo "1701"]
[PlyCount "60"]
[EventDate "2016.07.22"]
[EventType "swiss"]
[EventRounds "11"]
[EventCountry "IND"]
[SourceTitle "EXT 2017"]
[Source "ChessBase"]
[SourceDate "2016.10.25"]
[SourceVersion "1"]
[SourceVersionDate "2016.10.25"]
[SourceQuality "1"]

1. Nf3 Nf6 2. b3 e6 3. Bb2 d5 4. e3 c5 5. Bb5+ Bd7 6. Bxd7+ Nbxd7 7. 0-0 Be7 8. d3 0-0 9. Nbd2 Rc8 10. Rc1 b5 11. c4 bxc4 12. dxc4 Nb6 13. Re1 Qc7 14. Qc2 Rfd8 15. Red1 h6 16. h3 Qb7 17. Kh1 dxc4 18. Nxc4 Nbd5 19. Qb1 Nb4 20. Ba3 Ne4 21. Kg1 Rxd1+ 22. Rxd1 Nc3 23. Qa1 Nxd1 24. Qxd1 Nxa2 25. Qa1 Qxb3 26. Qf1 Rd8 27. Kh2 Nc3 28. Nfe5 Rd1 29. Qxd1 Qxd1 30. Nc6 Bd6+ 0-1

[Event "IND-ch U13 Girls 29th"]
[Site "Gurgaon"]
[Date "2015.09.05"]
[Round "9"]
[White "Sudipa, Haldar"]
[Black "Priyanka, Nutakki"]
[Result "1/2-1/2"]
[WhiteElo "1489"]
[BlackElo "2073"]
[PlyCount "65"]
[EventDate "2015.08.30"]
[EventType "swiss"]
[EventRounds "11"]
[EventCountry "IND"]
[SourceTitle "EXT 2016"]
[Source "ChessBase"]
[SourceDate "2015.10.08"]
[SourceVersion "1"]
[SourceVersionDate "2015.10.08"]
[SourceQuality "1"]

1. e4 e6 2. d4 d5 3. Nc3 Bb4 4. e5 c5 5. dxc5 Nd7 6. Nf3 Ne7 7. Bd3 Bxc3+ 8. bxc3 Qc7 9. 0-0 Nxe5 10. Nxe5 Qxe5 11. f4 Qxc3 12. Rb1 Qxc5+ 13. Kh1 0-0 14. Bb2 f5 15. Rf3 Ng6 16. Qe1 Qe7 17. Be2 Rd8 18. Rd1 Bd7 19. Rg3 Be8 20. Bh5 Rac8 21. Bxg6 Bxg6 22. Rd2 Rc4 23. Bd4 Rdc8 24. c3 b5 25. Rb2 a6 26. Rg5 Qe8 27. h4 h6 28. Rg3 R8c7 29. Qe5 Qf7 30. Qe3 h5 31. Rg5 Kh7 32. Re2 R4c6 33. Qe5 1/2-1/2